Capitales les plus proches de l'équateur - Statistiques

Statistiques générales
  • Ce quiz a été pris 107 fois
  • Le résultat moyen est 9 sur 20
Statistiques - réponses
Lattitude Capitale % Correct
0°15′S Quito
88%
4°36′N Bogota
72%
4°20′S Kinshasa
68%
4°16′S Brazzaville
66%
1°17′S Nairobi
58%
0°23′N Libreville
57%
1°17′N Singapour
47%
3°52′N Yaoundé
47%
1°57′S Kigali
45%
3°09′N Kuala Lumpur
43%
4°11′N Malé
41%
0°19′N Kampala
39%
4°22′N Bangui
37%
0°20′N São Tomé
37%
2°02′N Mogadiscio
34%
3°26′S Gitega
33%
3°45′N Malabo
32%
4°37′S Victoria
28%
1°26′N Tarawa-Sud
14%
0°33′S Yaren
13%
Aucun quiz correspondant
Distribution des résultats
% des personnes avec chaque résultat
Percentile par nombre de réponses
Votre historique - résultats
Vous n’avez pas pris ce quiz